00609nam a2200205 a 450000100060000000300080000600500170001400800410003103500190007204000270009104100080011808200240012624500520015026000500020230000270025250000200027965000470029965100380034670000190038462713BD-RjUL20211209081120.0170125s1950 nyuac b 001 0 eng  a(BD-RjUL)62840 aDLCcDLCdBD-RjULbeng aeng00a820.9223bHIS 195012aA history of English literature /cHardin Craig aNew York :bOxford University Press, cc1950. axiii, 697 p. ;c25 cm. aIncludes index. 0aEnglish literaturexHistory and criticism. 0aGreat BritainxIntellectual life. aCraig, Hardin